000 00371cam a2200145ua 4500
041 _aeng
_h
082 _a821
_bLAN/PIE
100 _aLangland, William .
245 _aPiers the Plowman, Vol 1 /
_cWilliam Langland.
_hTextual Documents
260 _aLondon :
_bOxford University Press ,
_c1961.
300 _a628 ; .
504 _a
942 _cBK
999 _c5133
_d5133